[Event "USA-ch"]
[Site "Seattle"]
[Date "2003.01.13"]
[Round "5"]
[White "Perelshteyn, Eugene"]
[Black "Benjamin, Joel"]
[Result "0-1"]
[WhiteElo "2442"]
[BlackElo "2587"]
[Annotator "Erenburg,S"]
[PlyCount "84"]
[EventDate "2003.01.09"]
[EventType "swiss"]
[EventRounds "9"]
[EventCountry "USA"]
[SourceTitle "CBM 093"]
[Source "ChessBase"]
[SourceDate "2003.04.01"]
[SourceVersion "1"]
[SourceVersionDate "2003.04.01"]
[SourceQuality "1"]

1. e4 d6 2. d4 Nf6 3. Nc3 g6 4. Nf3 Bg7 5. h3 O-O 6. Be3 b6 {In this variation
black tries to solve the problem of his light-squared bishop, developping it
to b7.} ({Another option is} 6... a6) ({The main theoretical line in this
position is} 6... c6) 7. e5 {In according to my database there are few games,
where this position was appeared. White won all of them. Maybe this fact has
pushed white to choose this rare variation in this game.} (7. Bd3 Bb7 8. Qd2 d5
9. exd5 (9. e5 $5) 9... Nxd5 10. Nxd5 Bxd5 $11 {0-1 Oral,T-Lerner,K/Graz 1998/
EXT 99 (39)}) (7. Be2 {0-1 Radulov,I-Timman,J/Buenos Aires 1978/EXT 2000/
[Timman] (72)}) 7... Nfd7 (7... Ne8 8. Be2 Bb7 9. O-O $14) 8. exd6 {Quite a
strange move. After this move white cannot get something real.} ({More logical
was to continue} 8. e6 $1 {See commented game 1-0 Efimov,I-Gaprindashvili,N/
Tbilisi 1991/CBM 24/[Stohl] (48)}) 8... cxd6 9. Bc4 $146 ({Deserved attention} 
9. Be2) 9... Bb7 10. O-O Nc6 $11 {Both opponents have completed the
development. So we can resume the results of the opening. In my opinion, black
has achieved everything he wanted, his bishops has got the best positions on
the long diagonals. He has a semi-open file "c", with possibility to transfer
his knight to c4.} 11. a4 $6 {White prepares a shelter for his light-squared
bishop in case of black plays Na5. On the other hand he weakens the black
squares on the queen side.} (11. Re1 {was better.}) 11... Na5 12. Ba2 Rc8 {
[%cal Ya5c4]} 13. Qe2 {preventing Nc4.} Nf6 {setting free the d7 square for
the queen.} 14. Rad1 Qd7 15. d5 $6 {White tries to close the black
light-squared bishop, and then to occupy diagonal a1-h8 with his dark-squared
bishop. However this move is actually allows black to get nice game by
sacrificing an exchange.} (15. Rfe1 {was better.}) 15... Rxc3 $1 {[%mdl 512]}
16. bxc3 Ne4 $1 (16... Qxa4 {was a mistake to continue} 17. Bb3 Nxb3 18. cxb3
Qxb3 19. c4 $13) 17. Bd4 Nxc3 18. Bxc3 Bxc3 $15 {Black has pair of bishops,
and the pawn for the exchange. He hasn't weaknesses as well. In opposite
white's pawn structure is far from being perfect, his light squared bishop is
out of the game. So I would say that the sacrifice of the exchange was the
right decision and, probably, was underestimated by white.} 19. Bb3 Bf6 20. Qe4
Rc8 21. Rfe1 Qf5 {Black suggests the trade of the queens, because he hopes
that without queens he would use the weaknesses of white.} 22. Qxf5 gxf5 23.
Nd4 $6 (23. Re2 {came to consideration}) 23... f4 ({Black achieved nothing
after} 23... Nxb3 24. cxb3 (24. Nxb3 Kf8 $1 $15 (24... Rxc2 $6 25. Nd4)) 24...
Bxd5 25. Nxf5 Bxb3 26. Rc1 $11) 24. Nf5 Kf8 25. Rd3 (25. Re4 Be5 $15 {[%csl
Rc2,Rd5][%cal Yc8c5,Ge7e6,Ga5b3]}) 25... Rc5 $1 {Black is going to capture the
central white's pawn, thus increases his advantage.} 26. g3 ({White cannot
hold his important central pawn:} 26. Red1 $2 Ba6 27. R3d2 (27. Rf3 Be2) 27...
Bc3) 26... fxg3 27. fxg3 Nxb3 28. cxb3 Rxd5 29. Rxd5 Bxd5 30. Rc1 {occupying
the open "c" file and threatening Rc8} Ke8 31. b4 (31. Rc7 $2 {allows black to
fix the white queenside' pawns.} a5 $1) 31... Kd7 32. Kf2 Bb3 $1 33. a5 b5 {
Black succeeded to fix white's pawns and now he intends to push forward his
central pawns with support of pair of bishops.} 34. Ne3 d5 35. Rc5 (35. Rb1 Ba2
) 35... a6 36. Rc1 e6 $19 {White can only wait and see what black can come up
with.} 37. Ng4 Bg7 38. Kf3 f5 39. Ne3 d4 {The passed pawn "d" is moving
forward with support of pair of bishops, while white cannot stop this process.}
40. Rb1 Ba4 41. Nd1 d3 42. Ne3 (42. Ke3 $2 Bc2 43. Rc1 Bh6+) 42... Bd4 (42...
Bd4 {Threating d3-d4 with following Bxe3.} 43. Rh1 Kd6 $19 (43... d2 44. Nd1
Bxd1+ 45. Rxd1 Bc3 {win as well.})) 0-1

[Event "EU-Cup 19th"]
[Site "Rethymno"]
[Date "2003.10.02"]
[Round "5.1"]
[White "Azarov, Sergei Nikolaevich"]
[Black "Gretarsson, Helgi Ass"]
[Result "1-0"]
[WhiteElo "2530"]
[BlackElo "2513"]
[Annotator "Erenburg,S"]
[PlyCount "89"]
[EventDate "2003.09.28"]
[EventType "team-swiss"]
[EventRounds "7"]
[EventCountry "GRE"]
[SourceTitle "CBM 098"]
[Source "ChessBase"]
[SourceDate "2004.02.03"]
[SourceVersion "1"]
[SourceVersionDate "2004.02.03"]
[SourceQuality "1"]
[WhiteTeam "Minsk Vesnianka"]
[BlackTeam "Reykjavik Hellir"]
[WhiteTeamCountry "BLR"]
[BlackTeamCountry "ISL"]

1. e4 d6 2. d4 Nf6 3. Nc3 g6 4. Nf3 Bg7 5. Be2 O-O 6. O-O e6 $5 {Quite a rare
continuation, which allows black to remain his pawn structure very flexible.
More popular ones are:} (6... c6 7. a4 Nbd7 8. e5 {1-0 Azarov,
S-Azmaiparashvili,Z/Rethymnon 2003/CBM 98/[Erenburg] (42)}) (6... Nc6 {1/2-1/2
Pelletier,Y-Smirin,I/Biel 2003/CBM 97_01/[Erenburg] (46)}) (6... Bg4 {1/2-1/2
Potkin,V-Fridman,D/Istanbul 2003/CBM96_01/[Erenburg] (26)}) 7. e5 {seems like
the most principal reply. White gets the space advantage, at the same time, he
limits the possibilities of the black's fianchetted dark-squared bishop.} (7.
Re1 Nc6 8. d5 $6 (8. h3 {0-1 Tseitlin,M-Roiz,M/Ramat Aviv/Modiin 2000/CBM 81/
[Finkel,A] (37)}) 8... exd5 9. exd5 Ne7 $14 {[%csl Rd5,Ge7,Gf6] 1/2-1/2
Brodsky,M-Goloshchapov,A/Ordzhonikidze 2001/CBM 86/[Roiz,M] (25)}) (7. h3 Nc6
8. Bg5 h6 9. Be3 b6 10. Qc1 Kh7 11. Rd1 Qe7 12. a4 Bb7 13. Bf1 Rfe8 14. Qd2 {
Roos,Jean Luc-Shchekachev,Andrei/Mets op 2000} Qf8 $11) 7... dxe5 (7... Nfd7 8.
Bg5 $1 $16) 8. dxe5 {White had the option to play with another pawn structure:}
(8. Nxe5 Nbd7 9. Bg5 h6 10. Bh4 Nxe5 11. dxe5 Qxd1 12. Raxd1 Nd5 (12... Nd7 13.
f4 $14) 13. Nxd5 exd5 14. Rxd5 Be6 15. Rb5 b6 16. f4 $16 {1/2-1/2 Kovalevskaya,
E-Foisor,C/Sovata 2000/EXT 2001 (44)}) 8... Qxd1 9. Rxd1 Nfd7 10. Bf4 $146 {
New move. White strengthens his central e5 pawn. White can hope to get the
advantage, as black has still problems with completing the development of the
queenside. In the previous game white continued with wrong} (10. Nb5 $2 a6 11.
Nbd4 (11. Nxc7 $2 Ra7 $17 {[%cal Gb7b6]}) 11... Nxe5 12. Bf4 Nbd7 $15 {0-1
Yermolinsky,A-Benjamin,J/Denver 1998/CBM 68 (72)}) 10... Nc6 $2 {allows white
to invade into his camp. Better was one of the following possibilities:} (10...
a6 11. Bf1 $1 Nc6 12. Re1 $14 {[%cal Yg2g3,Yf1g2]}) (10... h6 11. h4 (11. Nb5
a6 12. Nxc7 Ra7 $17 {[%cal Gb7b6,Gg6g5]}) (11. h3 $5) 11... a6 12. Bf1 $14) 11.
Nb5 $1 $16 {Now this move promises white an advantage. The difference is that
currently black knight is located on c6 and black cannot win white's knight.}
a6 (11... Ndxe5 12. Nxe5 Nxe5 (12... Bxe5 13. Bxe5 Nxe5 14. Nxc7 Rb8 15. Rd6
$16 {[%cal Gc1d1,Ya1d1]}) 13. Nxc7 Rb8 14. Rd2 $16 {[%cal Ya1d1]}) 12. Nxc7 Ra7
(12... Rb8 13. Rd6 {[%cal Ge2a6]} Ndxe5 14. Nxe5 Nxe5 15. Rad1 $16) 13. a4 $1 {
[%cal Ga4a5] preparing to fix black pawns on the queenside.} ({Much worse is} 
13. Rxd7 $2 Bxd7 14. Rd1 Bc8 15. Rd6 {[%cal Gf4e3]} g5 $1 16. Be3 g4 $17) 13...
b6 ({Doesn't change the evaluation of the position:} 13... Ncxe5 14. Nxe5 Bxe5
(14... Nxe5 15. Be3 $18) 15. Bxe5 Nxe5 16. a5 $1 Bd7 $1 17. f4 Rc8 18. fxe5
Rxc7 19. c4 $16 {[%cal Gb2b4]}) 14. Nxa6 $1 {This idea is possible, due to
black's inaccurate 10...Nc6.} g5 {After the following moves black is worse as
well:} (14... Bxa6 15. Bxa6 Ndxe5 16. Nxe5 Bxe5 17. Bxe5 Nxe5 18. Bb5 $18) (
14... Ncxe5 15. Nxe5 Nxe5 (15... Bxe5 16. Rxd7 $18) 16. Nb4 $16) (14... Ndxe5
15. Nxe5 Bxe5 16. Bxe5 Nxe5 17. Nb4 $18) 15. Bxg5 Ndxe5 16. Nxe5 Bxe5 (16...
Nxe5 17. Nb4 $18) 17. Bb5 $1 {Thanks to this move white saves the piece.} Bxa6
18. Bxc6 Rc7 $8 19. Be4 f5 20. Bd3 Bxd3 21. cxd3 $16 {White is a pawn up 
(after he loses the b2 pawn), but black still keeps some chances. Therefore,
white needs to show good technique in order to convert his material advantage
to a full point.} (21. Rxd3 Bxb2 {and black gets good chances for a draw.})
21... Bxb2 22. Rab1 (22. Ra2 Bd4) 22... Rc2 (22... Bd4 23. Be3 Bxe3 24. fxe3
Rc6 25. Rdc1 $16) 23. Re1 $1 e5 (23... Kf7 24. Kf1 $1 Rg8 (24... Ra8 25. Re2
Rxe2 26. Kxe2 Bd4 27. Rb4 Bc5 28. Rc4 e5 29. Be3 $16 {/+-}) 25. Be3 Rg4 26. Re2
Rxe2 27. Kxe2 Be5 28. d4 $1 (28. Rxb6 Rxa4 $16) 28... Bxd4 29. Rb4 $1 Bxe3 30.
Rxg4 fxg4 31. Kxe3 e5 32. Ke4 Ke6 33. f3 gxf3 34. gxf3 $18) 24. Kf1 f4 {
robbing from white the possiblity of transfering the dark-squared bishop to e3.
} 25. Re2 Rxe2 26. Kxe2 Bd4 27. Kf3 {Now the king is going to occupy an
excelent e4 square.} Kf7 28. Ke4 Ke6 29. Rc1 Kd6 {preventing the invasion of
the white rook.} 30. f3 Rg8 31. h4 ({After} 31. Bxf4 Rxg2 {black gets some
chances.}) 31... Bc5 (31... h6 32. Bxf4 exf4 (32... Rxg2 33. Bxh6) 33. Kxd4
Rxg2 34. Ke4 $18) 32. Rc2 Ra8 33. Rc4 Ke6 (33... Rg8 34. d4) (33... Re8) 34. d4
exd4 (34... Bxd4 35. Bxf4 $18) 35. Bxf4 Rd8 $2 ({More resistant was} 35... Ra7
$16) 36. a5 $18 {Black loses another pawn, so the rest is a matter of an easy
technique.} d3 (36... Kf7 37. a6 (37. Bc7 d3) 37... Ra8 (37... d3 38. Bd2 $18 (
38. a7 Ra8 39. Ra4 b5 40. Ra5 Rxa7 41. Rxb5 Ra4+ 42. Kxd3 Rd4+ 43. Ke2 Rxf4 44.
Rxc5 Rxh4 $16)) 38. Ra4 b5 39. Ra1 b4 (39... Ke6 40. Rc1 Be7 41. Rc6+ Kd7 42.
Rh6 $18) 40. Kd5 Be7 41. Kc6 b3 42. Kb7 b2 43. Rb1 $18) 37. axb6 Bxb6 38. Rc6+
Kf7 39. Rxb6 d2 40. Bxd2 Rxd2 41. g3 Ra2 42. Kf4 Kg7 43. g4 Ra4+ 44. Kg3 Rc4
45. g5 1-0

[Event "EU-Cup 19th"]
[Site "Rethymno"]
[Date "2003.10.01"]
[Round "4.1"]
[White "Azarov, Sergei Nikolaevich"]
[Black "Azmaiparashvili, Zurab"]
[Result "1-0"]
[WhiteElo "2530"]
[BlackElo "2702"]
[Annotator "Erenburg,S"]
[PlyCount "83"]
[EventDate "2003.09.28"]
[EventType "team-swiss"]
[EventRounds "7"]
[EventCountry "GRE"]
[SourceTitle "CBM 098"]
[Source "ChessBase"]
[SourceDate "2004.02.03"]
[SourceVersion "1"]
[SourceVersionDate "2004.02.03"]
[SourceQuality "1"]
[WhiteTeam "Minsk Vesnianka"]
[BlackTeam "Kiseljak"]
[WhiteTeamCountry "BLR"]
[BlackTeamCountry "BIH"]

{[%mdl 576]} 1. e4 d6 2. d4 g6 3. Nf3 Bg7 4. Be2 Nf6 5. Nc3 O-O 6. O-O c6 7. a4
{limiting black's counterplay on the queenside.} (7. Re1 {is also possible:}
Nbd7 8. a4 {1-0 Kuczynski,R-Ribli,Z/Tilburg 1992/CBM 32/[Stohl] (56)}) 7...
Nbd7 8. e5 (8. Bf4 {1-0 Shahade,G-Nyback,T/Bermuda 2002/CBM 88/[Gofshtein,L] 
(27)}) 8... Ne8 {Black also tried to take immediately on e5:} (8... dxe5 9.
dxe5 Ne8 10. e6 fxe6 11. Be3 Nd6 12. Ng5 Nf6 13. Qd2 e5 (13... Nd5) 14. Rad1
Bf5 15. Bc5 h6 16. Nf3 Nh5 17. g3 Qc8 18. Nh4 $13 {1-0 Zalkind,K-Kogan,A/
Rishon Le Ziyyon 1998/CBM 62 ext (36)}) 9. Bf4 {This move, which strengthens
the central pawn e5, seems to me more logical than} (9. Bg5 f6 $6 (9... dxe5
10. dxe5 Nc7 $132 {[%cal Gc7e6]}) 10. exf6 Ndxf6 11. Re1 Nc7 12. Qd2 Ne6 13.
Bh4 {Hunt,H-Fabriano,G/London Lloyds 1993/1-0 (79)} (13. Bh6 $5 $14)) 9... Qa5
{Black is trying to play more flixible, no taking on e5, but forcing white to
exchange his central e5 pawn by himself.} (9... dxe5 {1/2-1/2 Jenni,
F-Tischbierek,R/Zuerich 1999/CBM 73/[Oratovsky,M] (36)}) 10. exd6 Nxd6 11. Re1
{White centralizes his pieces. Logical alternative plan is providing b2-b4
with preliminary} (11. Rb1 Nf5 12. b4 Qd8 13. Ne4 Nb6 14. c3 Nd5 15. Bd2 $14 {
0-1 Ciric,D-Sznapik,A/Warsaw 1979/EXT 2000 (47)}) 11... Nf6 12. Bf1 $146 {
Novelty. In my opinion, it is better position for light-squared bishop, than
the d3 square, as black hasn't possibility to trade the bishops. In the
previous game white tried} (12. Bd3 Re8 13. Qd2 Bg4 14. Ne5 Bf5 15. Rab1 Bxd3
16. Qxd3 Nd5 $11 {1-0 Tosic,N-Biljanic,L/Tivat 1995/EXT 2002 (54)}) 12... Re8
13. Qb1 $5 {Interesting move with typical idea of transfer the queen to a2 or
sometimes with the advance b2-b4.} Bg4 {Black starts to solve the problem of
his light-squared bishop.} (13... Bf5 14. Be5 Rad8 15. b4 $14 {/=}) 14. Ne5 Be6
{taking control over the a2-g8 diagonal. Now light-squared bishop is quite
safe here.} (14... Bf5 15. b4 (15. Nc4 $6 Nxc4 16. Bxc4 Nd5 $1 $15 {/=}) (15.
Nd3 Nd7 {covering the c5 square.}) 15... Qb6 16. Be3 $13) 15. Nd3 {White is
setting free the e5 square for the dark-squared bishop, at the same time,
intends to occupy the c5 square by the knight.} Bc4 ({Comes to consideration:} 
15... Nd7 $11 {covering the e5 and c5 squares.}) 16. Be5 Rad8 ({Deserved
attention:} 16... Nf5 17. Nc5 Bxf1 18. Rxf1 Nd5 $1 $11) 17. Nc5 Bxf1 {Black
solved the problem of the light-squared bishop.} 18. Rxf1 Qc7 $11 {Maybe white
has a slight space advantage, but black's position is very solid without
weaknesses. Also his knights are ready to occupy some active positions, so I
would evaluate the chances of the sides as an approximately equal.} 19. Qa2 Qc8
(19... Nd7 20. Nxd7 Qxd7 21. Rfe1 Nf5 22. Rad1 $11) 20. Rfe1 ({Worth
consideration} 20. a5 $5) 20... b6 21. Nd3 Nf5 22. Rad1 Ng4 {Black decides to
change dark-squared bishops, as it weakens the central d4 pawn.} 23. Bxg7 ({
White loses pawn after} 23. Ne2 $2 Nxd4 24. Nxd4 Nxe5 25. Nxe5 Bxe5 26. Rxe5 c5
$17) 23... Kxg7 24. h3 {driving away the knight from an active position.} (24.
Ne5 Nxe5 25. dxe5 Nd4 $15) 24... Ngh6 {defending the f7 pawn. Otherwise, white
gets a possibility to occupy the e5 square by the knight.} (24... Nf6 25. Ne5
e6 26. Qc4 $14) 25. d5 Nd4 ({Black gets an equality after} 25... cxd5 26. Nxd5
Qxc2 27. N3b4 Qc8 28. Rc1 Qd7 29. Rc7 Qd6 30. Rc6 Qd7 (30... Qb8 31. Qc4 $1 $44
{[%cal Gb4a6]} (31. Rc7 Rxd5 32. Nxd5 e6)) 31. Rc7 $11) 26. Rc1 (26. Re4 $5
Nxc2 $141 (26... Nhf5 $142) 27. b4 cxd5 28. Nxd5 Qc6 29. Rxe7 $14) 26... cxd5 (
26... Nhf5 27. dxc6 Qxc6 28. Ne5 Qf6 29. Nb5 Nc6 $11) 27. Nxd5 e6 28. Ne3 $11 {
The position is equal, but probably black wasn't satisfied with draw and
played for win. Black should change his bad-located knight on h6, but, instead
of it, he starts to play too aggressively.} Qa6 $6 {[%cal Gd4c2]} (28... Nhf5
$142 $11) 29. b4 $1 e5 $6 {weakens the central square d5. It wasn't too late
to admit his mistake and to retreat:} (29... Qc8 30. Qb2 e5 31. Rcd1 Nhf5 $11)
(29... Nxc2 $2 30. b5 $16) 30. Nd5 (30. b5 {looks strong as well:} Qc8 31. Nb4
$14) 30... Qc8 (30... Qb7 31. c4 $14) 31. c3 {driving away the knight from
central position.} ({After} 31. Nxe5 Qf5 (31... Qb8 32. Re4 $16) (31... f6 32.
c3 $16) 32. g4 Qxe5 33. Rxe5 Rxe5 34. Nf4 Re4 35. Nd3 Ne2+ 36. Kg2 Nxc1 37.
Qb2+ $14 {white's chances are slightly higher.}) 31... Nc6 32. b5 Na5 33. c4
$14 {After several black's unsuccessful moves, white got better position,
thanks to more active pieces and space advantage.} Qf5 ({Maybe better was} 
33... f6 $5) 34. N3b4 Rc8 (34... Rd7 {doesn't change an evaluation of position:
} 35. f4 e4 36. Rcd1 $16 {[%cal Ga2b2]}) 35. Na6 $1 $16 {prepares the
breakthrough c4-c5, and sometimes, threatens with Nac7.} Qg5 $2 {allows white
to get a decisive advantage.} ({More resistant was} 35... Qd7 36. c5 $16 {
, but the position favours white anyway.}) 36. Nac7 $18 {White's advantage
becomes decisive, as he wins material.} Nf5 {If black doesn't give the
exchange, he will lose the central e5 pawn:} (36... Red8 37. Qb2 $18 Nxc4 (
37... f6 38. Ne6+) 38. Rxc4 Rxd5 39. Ne6+ fxe6 40. Rxc8 $18) 37. Nxe8+ Rxe8 38.
f4 $1 Qg3 39. Qf2 $1 Qb3 ({Doesn't change anything:} 39... Qxf2+ 40. Kxf2 e4
41. g4 $18) 40. fxe5 {[%cal Gg2g4] White is exchange up and his attack is very
dangerous. Black is hopeless against white's threats...} Nxc4 41. Rc3 Qxa4 42.
g4 (42. g4 Nh6 (42... Rxe5 43. Rxe5 Nxe5 44. gxf5 Qd1+ 45. Kh2 Qxd5 46. f6+ {
with mate.}) 43. Qf6+ Kg8 44. Qf4 $18) 1-0